Library Banner

Paul's fundamental immunology / (Record no. 134875)

MARC details
000 -LEADER
fixed length control field 00753cam a22002418i 4500
001 - CONTROL NUMBER
control field 22754549
005 - DATE AND TIME OF LATEST TRANSACTION
control field 20240827111459.0
008 - FIXED-LENGTH DATA ELEMENTS--GENERAL INFORMATION
fixed length control field 220706s2023 pau ob 001 0 eng
020 ## - INTERNATIONAL STANDARD BOOK NUMBER
International Standard Book Number 9781975142513
040 ## - CATALOGING SOURCE
Transcribing agency PK-LaUMT
082 00 - DEWEY DECIMAL CLASSIFICATION NUMBER
Classification number 616.079
Item number PAU-
245 10 - TITLE STATEMENT
Title Paul's fundamental immunology /
Statement of responsibility, etc [edited by] Martin F. Flajnik, Nevil J. Singh and Steven M. Holland
250 ## - EDITION STATEMENT
Edition statement 8th ed.
260 ## - PUBLICATION, DISTRIBUTION, ETC. (IMPRINT)
Place of publication, distribution, etc Philadelphia :
Name of publisher, distributor, etc Lippincott Williams & Wilkins,
Date of publication, distribution, etc 2023
300 ## - PHYSICAL DESCRIPTION
Extent 1669 p.
650 #7 - SUBJECT ADDED ENTRY--TOPICAL TERM
Topical term or geographic name as entry element MEDICAL / Immunology
650 #7 - SUBJECT ADDED ENTRY--TOPICAL TERM
Topical term or geographic name as entry element MEDICAL / Infectious Diseases
650 12 - SUBJECT ADDED ENTRY--TOPICAL TERM
Topical term or geographic name as entry element Immune System Phenomena
700 1# - ADDED ENTRY--PERSONAL NAME
Personal name Flajnik, M. F.
700 1# - ADDED ENTRY--PERSONAL NAME
Personal name Singh, Nevil,
700 1# - ADDED ENTRY--PERSONAL NAME
Personal name Holland, Steven M.
942 ## - ADDED ENTRY ELEMENTS (KOHA)
Koha item type Books
Holdings
Withdrawn status Lost status Damaged status Home library Current library Date acquired Full call number Barcode Date last seen Price effective from Koha item type
      UMT Health Sciences Campus UMT Health Sciences Campus 2024-08-27 616.079 PAU- 147216 2024-08-27 2024-08-27 Books